All FIFA World Cup Winners: Sudden Death - Statistics

General Stats
  • This quiz has been taken 204 times
  • The average score is 7 of 8
Answers on the Grid
Answers color-coded by a green-red scale on the quiz's grid according to % correct below.
Argentina
Belgium
Brazil
Croatia
Czechoslovakia
Denmark
England
France
(West) Germany
Hungary
Italy
Japan
Mexico
Netherlands
Portugal
Soviet Union
Spain
Sweden
United States
Uruguay
 
Answer Stats
Answer % Correct
Defeated Netherlands in 1978, West Germany in 1986, France in 2022 Argentina
96%
Defeated Sweden in 1958, Czechoslovakia in 1962, Italy in 1970 and 1994, Germany in 2002 Brazil
91%
Defeated Czechoslovakia in 1934, Hungary in 1938, West Germany in 1982, France in 2006 Italy
86%
Defeated Brazil in 1998, Croatia in 2018 France
84%
Defeated West Germany in 1966 England
83%
Defeated Netherlands in 2010 Spain
83%
Defeated Hungary in 1954, Netherlands in 1974, Argentina in 1990 and 2014 (West) Germany
78%
Defeated Argentina in 1930, Brazil in 1950 Uruguay
76%
No matching quizzes found
Score Distribution
Percent of People with Each Score
Percentile by Number Answered
Your Score History
You have not taken this quiz